La conquista de lo público (Record no. 155663)

MARC details
000 -LEADER
fixed length control field 00598nam a22001817a 4500
005 - DATE AND TIME OF LATEST TRANSACTION
control field 20210430124504.0
008 - FIXED-LENGTH DATA ELEMENTS--GENERAL INFORMATION
fixed length control field 210430b py ||||| |||| 00| 0 spa d
020 ## - INTERNATIONAL STANDARD BOOK NUMBER
International Standard Book Number 9789995356033
050 04 - LIBRARY OF CONGRESS CALL NUMBER
Classification number KHP3015
Item number C66 2008
245 03 - TITLE STATEMENT
Title La conquista de lo público
Statement of responsibility, etc /
250 ## - EDITION STATEMENT
Edition statement 1a ed.
260 ## - PUBLICATION, DISTRIBUTION, ETC. (IMPRINT)
Place of publication, distribution, etc Paraguay :
Name of publisher, distributor, etc Instituto de Derecho y Economía Ambiental,
Date of publication, distribution, etc 2008
300 ## - PHYSICAL DESCRIPTION
Extent 120 p. :
Other physical details il. ;
Dimensions 20 cm.
650 #7 - SUBJECT ADDED ENTRY--TOPICAL TERM
Source of heading or term lemb
Topical term or geographic name as entry element Libertad de información
Geographic subdivision Paraguay
650 #7 - SUBJECT ADDED ENTRY--TOPICAL TERM
Source of heading or term lemb
Topical term or geographic name as entry element Libertad de información
General subdivision Legislación
Geographic subdivision Paraguay
650 #4 - SUBJECT ADDED ENTRY--TOPICAL TERM
Topical term or geographic name as entry element Recursos de información de gobierno
942 ## - ADDED ENTRY ELEMENTS (KOHA)
Source of classification or shelving scheme Biblioteca del Cogreso de los Estados Unidos
Koha item type Libro
Holdings
Estado de pérdida Fuente de clasificación Estado del daño No para préstamo Ubicación permanente Ubicación actual Apartado o colección Fecha de adquisición Edición Dependencia de educación superior (DES) Área del conocimiento Total Checkouts Clasificación Código de Barras Date last seen Número de copia Costo por reposición Tipo de recurso
  Biblioteca del Cogreso de los Estados Unidos     Biblioteca del Posgrado en Derecho Biblioteca del Posgrado en Derecho Colección Ernesto Villanueva 30/04/2021 1a ed. Derecho Ciencias Sociales y Administrativas   KHP3015 C66 2008 BPD000001627 30/04/2021 1 1.00 Libro